Statistics for Ekatarina Velika - albums

Click here to take the quiz!

General Stats

  • This quiz has been taken 14 times
  • The average score is 6 of 7

Answer Stats

HintAnswer% Correct
1985Ekatarina Velika
100%
1984Katarina II
89%
1991Dum Dum
78%
1987Ljubav
78%
1989Samo par godina za nas
78%
1986S vetrom uz lice
78%
1993Neko nas posmatra
67%

Score Distribution

Percentile by Number Answered

Percent of People with Each Score

Your Score History

You have not taken this quiz